|
|
|
|
| LEADER |
01550nam a2200313 a 4500 |
| 001 |
24563 |
| 003 |
BD-DhAAL |
| 008 |
120222s2009 ii a b 001 0 eng |
| 999 |
|
|
|c 11912
|d 11912
|
| 020 |
|
|
|a 9788131725993
|
| 040 |
|
|
|a BD-DhAAL
|c BD-DhAAL
|
| 082 |
0 |
0 |
|a 338.5
|2 23
|
| 100 |
1 |
|
|a Pindyck, Robert S.
|9 3769
|
| 245 |
1 |
0 |
|a Microeconomics /
|c Robert S. Pindyck, Daniel L. Rubinfeld, Prem L. Mehta
|
| 250 |
|
|
|a seventh edition
|
| 260 |
|
|
|a New Delhi :
|b Pearson,
|c 2009.
|
| 300 |
|
|
|a xxx, 674 pages :
|b illustrations ;
|c 25 cm.
|
| 504 |
|
|
|a Includes bibliographical references and index.
|
| 541 |
|
|
|e 00024563
|
| 650 |
|
0 |
|a Macroeconomics.
|9 1764
|
| 700 |
1 |
|
|a Rubinfeld, Daniel L.
|9 3770
|
| 700 |
1 |
|
|a Mehta, Prem L.
|9 3771
|
| 852 |
1 |
|
|a Ayesha Abed Library
|c General Stacks
|
| 942 |
|
|
|2 ddc
|c BK
|0 1
|
| 952 |
|
|
|0 0
|1 0
|2 ddc
|4 0
|6 339_PIN
|7 0
|9 19486
|a BRACUL
|b BRACUL
|c GEN
|d 2012-02-20
|l 9
|m 34
|o 339 PIN
|p 3010024563
|r 2025-07-08
|s 2025-05-23
|t 1
|w 2012-02-22
|y BK
|
| 952 |
|
|
|0 0
|1 0
|2 ddc
|4 0
|6 339_PIN
|7 0
|9 19487
|a BRACUL
|b BRACUL
|c GEN
|d 2012-02-20
|l 12
|m 0
|o 339 PIN
|p 3010024564
|r 2025-10-15
|s 2025-02-05
|t 2
|w 2012-02-22
|y BK
|
| 952 |
|
|
|0 0
|1 0
|2 ddc
|4 0
|6 339_PIN
|7 0
|9 19490
|a BRACUL
|b BRACUL
|c GEN
|d 2012-02-20
|l 9
|m 81
|o 339 PIN
|p 3010024565
|r 2024-05-14
|s 2023-08-29
|t 3
|w 2012-02-23
|y BK
|
| 952 |
|
|
|0 0
|1 0
|2 ddc
|4 0
|6 339_PIN
|7 0
|9 19491
|a BRACUL
|b BRACUL
|c GEN
|d 2012-02-20
|l 10
|m 66
|o 339 PIN
|p 3010024566
|r 2026-01-15
|s 2026-01-13
|t 4
|w 2012-02-23
|y BK
|
| 952 |
|
|
|0 0
|1 0
|2 ddc
|4 0
|6 339_PIN
|7 0
|9 19492
|a BRACUL
|b BRACUL
|c GEN
|d 2012-02-20
|l 6
|m 35
|o 339 PIN
|p 3010024567
|r 2022-09-21
|s 2022-09-05
|t 5
|w 2012-02-23
|y BK
|